5 Biggest Cities by 5 Scandinavian Countries - Statistics

General Stats
  • This quiz has been taken 353 times
  • The average score is 14 of 25
Answer Stats
% Correct
Copenhagen 764
98%
Helsinki 639
97%
Oslo 658
97%
Stockholm 942
96%
Reykjavik 123
94%
Malmö 294
90%
Gothenburg 517
89%
Bergen 278
86%
Aarhus 243
77%
Trondheim 190
71%
Aalborg 102
64%
Stavanger 131
61%
Odense 167
60%
Uppsala 140
60%
Tampere 225
57%
Oulu 199
51%
Espoo 270
39%
Kristiansand 91
33%
Västerås 111
29%
Vantaa 215
24%
Akureyri 18
20%
keflavik 15
19%
Kópavogur 34
8%
Frederiksberg 97
7%
Hafnarfjörður 28
6%
No matching quizzes found
Score Distribution
Percent of People with Each Score
Percentile by Number Answered
Your Score History
You have not taken this quiz